000 00583nam a2200229 a 4500
001 0001-2158
003 ELIB.Books
008 190725 2010 eng
020 _a0829804048
092 _a230.082
_bCol
100 _aCollective, The Cornwall.
245 _aYour Daughters Shall Prophesy
260 _aNew York
_bThe Pilgrim Press
_c1980
300 _a161
440 _a21cm
650 _aFeminist Theology
856 _nKBTS Library
_uKBTS Elib
942 _2ddc
_cBK
990 _a1
998 _aEnglishbooks.elf
_ccat
_e2019-07-25
999 _c12158
_d12158